LEADER 02434nam0 2200469 i 450 001 BVE0046113 005 20251003044053.0 010 $a8814044732 020 $aIT$b94-909 100 $a20130827d1993 ||||0itac50 ba 101 | $aita 102 $ait 181 1$6z01$ai $bxxxe 182 1$6z01$an 200 1 $aˆIl ‰minore in affidamento$esituazioni soggettive e tecniche di tutela$fClorinda Ciraolo 210 $aMilano$cA. Giuffrè$d1993 215 $a228 p.$d24 cm. 225 | $aPubblicazioni degli istituti di scienze giuridiche, economiche, politiche e sociali della Facoltà di giurisprudenza della Università di Messina$v179 410 0$1001CFI0002211$12001 $aPubblicazioni degli istituti di scienze giuridiche, economiche, politiche e sociali della Facoltà di giurisprudenza della Università di Messina$v179$171201$aUniversità degli studi di Messina$b : Facoltà di giurisprudenza$3CFIV007513 606 $aAffidamento familiare$xLegislazione$2FIR$3CFIC022907$9I 676 $a346.01$9$v12 676 $a346.01$9DIRITTO DELLE PERSONE E DIRITTO DI FAMIGLIA$v14 676 $a346.450178$9FILIAZIONE. ADOZIONE. ITALIA$v19 676 $a346.450178$9DIRITTO DELLE PERSONE E DIRITTO DI FAMIGLIA. ITALIA$v21 676 $a346.450178$9DIRITTO PRIVATO. Adozione. Italia$v23 696 $aAffidamento dei minori$aAffido familiare$aAffidamento$aAffido famigliare$aAffido dei minori$aAffidamento famigliare 699 $aAffidamento familiare$yAffidamento dei minori 699 $aAffidamento familiare$yAffido familiare 699 $aAffidamento familiare$zAffidamento 699 $aAffidamento familiare$yAffido famigliare 699 $aAffidamento familiare$yAffido dei minori 699 $aAffidamento familiare$yAffidamento famigliare 700 1$aCiraolo$b, Clorinda$3CFIV103629$4070$0233663 801 3$aIT$bIT-000000$c20130827 850 $aIT-BN0095 $aIT-SA0220 901 $bNAP GP$cPROG. FAM.$nProgetto Famiglia 901 $bNAP 01$cBCA $nComprende monografie e periodici di diritto, testi di ingegneria, di scienze e tecnologia di nuova acquisizione. 912 $aBVE0046113 950 0$aBiblioteca Centralizzata di Ateneo$d 01BCA SC. SOCIAL 959$e 01 0000003995 VMA 1 v.$fY $h20220707$i20220707 977 $a 01$a GP 996 $aMinore in affidamento$9689188 997 $aUNISANNIO